[Event "34th Chess Olympiad (men)"]
[Site "Istanbul"]
[Date "2000.11.05"]
[Round "8.31.2"]
[White "Rama, Lorenc"]
[Black "Elsness, Frode"]
[WhiteElo "2316"]
[BlackElo "2383"]
[WhiteCountry "ALB"]
[BlackCountry "NOR"]
[Result "0-1"]

1. c4 Nf6 2. Nc3 d5 3. cxd5 Nxd5 4. g3 g6 5. Bg2 Nxc3 6. bxc3 Bg7 7. Rb1 Nd7 
8. Nf3 O-O 9. O-O c5 10. Qc2 Qc7 11. d3 Nb6 12. c4 Bd7 13. Bd2 Ba4 14. Qc1 Bc6 
15. Bh6 Na4 16. Bxg7 Kxg7 17. Qc2 a6 18. e3 Rac8 19. Rfc1 b5 20. cxb5 axb5 
21. d4 Qb7 22. dxc5 Be4 23. Ne1 Bxg2 24. Nxg2 Rxc5 25. Qd3 Rfc8 26. Rxc5 Rxc5 
27. Nf4 Qc6 28. Ne2 e5 29. h4 Rd5 30. Rc1 Rxd3 31. Rxc6 Rd2 32. Nc1 b4 
33. Rc4 Nc3 34. Kg2 Rd1 35. Nb3 Nxa2 36. Rc7 Rd3 37. Na5 b3 38. Rb7 Nc1 
39. Kf3 Rc3 40. Ke4 Nd3 41. Rb5 b2 42. Nc4 Nxf2+ 43. Kf3 e4+ 44. Kxf2 Rc2+ 
45. Kf1 Rc1+ 46. Kf2 b1=Q 47. Rxb1 Rxb1 48. g4 f5 
0-1

[Event "34th Chess Olympiad (men)"]
[Site "Istanbul"]
[Date "2000.11.05"]
[Round "8.31.3"]
[White "Trygstad, Kristian"]
[Black "Pustina, Ylvi"]
[WhiteElo "2248"]
[BlackElo "2286"]
[WhiteCountry "NOR"]
[BlackCountry "ALB"]
[Result "1/2-1/2"]

1. e4 c5 2. Nc3 Nc6 3. f4 e6 4. Nf3 d6 5. g3 Nf6 6. Bg2 Be7 7. O-O O-O 
8. d3 Rb8 9. h3 b5 10. a3 a5 11. g4 Nd7 12. Qe1 Nd4 13. Nxd4 cxd4 14. Ne2 e5 
15. Bd2 Bh4 16. Bxa5 Bxe1 17. Bxd8 Rxd8 18. Rfxe1 Nc5 19. f5 Bd7 20. Nc1 Rdc8 
21. Re2 Na4 22. b3 Nc3 23. Re1 Ra8 24. Na2 Rxa3 25. Nb4 Rca8 26. Rxa3 Rxa3 
27. h4 f6 28. g5 Be8 29. Bf3 Kf8 30. gxf6 gxf6 31. Kf2 Ra7 32. Rg1 Ra8 
33. Rc1 Ra7 34. Rg1 Ra8 35. Rc1 Ra7 36. Rg1 
1/2-1/2

[Event "34th Chess Olympiad (men)"]
[Site "Istanbul"]
[Date "2000.11.05"]
[Round "8.31.4"]
[White "Sula, Zegir"]
[Black "Gabrielsen, Stig"]
[WhiteElo "2348"]
[BlackElo "2305"]
[WhiteCountry "ALB"]
[BlackCountry "NOR"]
[Result "1/2-1/2"]

1. Nf3 Nf6 2. c4 g6 3. b3 Bg7 4. Bb2 O-O 5. g3 d5 6. cxd5 Qxd5 7. Bg2 Qh5 
8. O-O Rd8 9. d3 Nc6 10. Nbd2 e5 11. Rc1 Nd7 12. a3 Nf8 13. b4 Ne6 14. Qc2 a5 
15. b5 Ncd4 16. Bxd4 
1/2-1/2

[Event "34th Chess Olympiad (men)"]
[Site "Istanbul"]
[Date "2000.11.05"]
[Round "8.32.1"]
[White "Kastanieda, Georgiy"]
[Black "Zaw, Win"]
[WhiteElo "2457"]
[BlackElo "2578"]
[WhiteCountry "PER"]
[BlackCountry "MYA"]
[Result "1-0"]

1. d4 Nf6 2. Nf3 e6 3. e3 c5 4. Bd3 d5 5. b3 Nc6 6. O-O Bd6 7. Bb2 O-O 
8. c4 cxd4 9. exd4 dxc4 10. bxc4 b6 11. Nbd2 Bb7 12. Re1 Be7 13. Rc1 Rc8 
14. a3 Re8 15. Nf1 Rc7 16. d5 Rd7 17. Qe2 exd5 18. Bxf6 gxf6 19. Bf5 Rd6 
20. Nh4 Ne5 21. Qh5 Ng6 22. Nxg6 hxg6 23. Bxg6 fxg6 24. Qxg6+ Kf8 25. Qh6+ Kf7 
26. Qh7+ Kf8 27. Rc3 f5 28. Rg3 Bg5 29. Rxg5 
1-0

[Event "34th Chess Olympiad (men)"]
[Site "Istanbul"]
[Date "2000.11.05"]
[Round "8.32.2"]
[White "Aung, Aung"]
[Black "Belli, Mario"]
[WhiteElo "2520"]
[BlackElo "2393"]
[WhiteCountry "MYA"]
[BlackCountry "PER"]
[Result "1/2-1/2"]

1. e4 d5 2. exd5 Nf6 3. Bb5+ Bd7 4. Be2 Nxd5 5. d4 Bf5 6. Nf3 e6 7. O-O Be7 
8. a3 O-O 9. c4 Nb6 10. Nc3 Bf6 11. h3 Nc6 12. Be3 h6 13. Rc1 Qd7 14. c5 Nd5 
15. Nxd5 Qxd5 16. Qa4 Rfd8 17. Rfd1 a6 18. Bc4 Qd7 19. d5 exd5 20. Rxd5 Qc8 
21. Rxd8+ Nxd8 22. Qe8+ Kh7 23. Bd4 Qd7 24. Qxd7 Bxd7 25. Bxf6 gxf6 26. Rd1 Be6 
27. Bxe6 Nxe6 28. Rd7 Kg7 29. Nd4 Nxd4 30. Rxd4 f5 31. Rd7 Rc8 32. g3 Kf6 
33. Kg2 Ke6 34. Rd4 Ke5 35. Rd7 Ke6 36. Rd4 Ke5 37. Rd3 Kf6 38. Rd7 Ke6 
1/2-1/2

[Event "34th Chess Olympiad (men)"]
[Site "Istanbul"]
[Date "2000.11.05"]
[Round "8.32.3"]
[White "Cruz, Filemon"]
[Black "Htun, Lynn Kyaw"]
[WhiteElo "2360"]
[BlackElo "2475"]
[WhiteCountry "PER"]
[BlackCountry "MYA"]
[Result "1-0"]

1. c4 c5 2. Nc3 Nc6 3. g3 Nf6 4. Bg2 e6 5. Nf3 Be7 6. O-O O-O 7. d4 cxd4 
8. Nxd4 a6 9. b3 Qc7 10. Bb2 d6 11. Rc1 Nxd4 12. Qxd4 Bd7 13. Rfd1 Rfd8 
14. e4 Rac8 15. h3 Qa5 16. a3 Qh5 17. Qe3 e5 18. h4 Qg4 19. a4 h6 20. Rd3 Qe6 
21. Rcd1 b5 22. axb5 axb5 23. Nxb5 Bxb5 24. cxb5 Rc5 25. Ba3 Rxb5 26. b4 Rc8 
27. Rc3 Rcb8 28. Rc6 Qg4 29. Bf3 Qe6 30. Be2 Rxb4 31. Bxb4 Rxb4 32. Bf3 Kh7 
33. Rb6 Rc4 34. Rc1 Qc8 35. Rxc4 Qxc4 36. Rb7 Bd8 37. Be2 Qa2 38. Qd3 Ba5 
39. Kg2 Kg8 40. Ra7 Qd2 41. Qc4 d5 42. Qc8+ Kh7 43. Qf5+ 
1-0

[Event "34th Chess Olympiad (men)"]
[Site "Istanbul"]
[Date "2000.11.05"]
[Round "8.32.4"]
[White "Wynn, Zaw Htun"]
[Black "Soto, Jorge"]
[WhiteElo "2434"]
[BlackElo "2225"]
[WhiteCountry "MYA"]
[BlackCountry "PER"]
[Result "1/2-1/2"]

1. e4 e5 2. Nf3 Nc6 3. d4 exd4 4. Nxd4 Bc5 5. Nb3 Bb6 6. a4 a6 7. Nc3 d6 
8. Be2 Be6 9. Nd5 Ba7 10. O-O Nf6 11. Bg5 Bxd5 12. exd5 Ne5 13. c4 h6 
14. Bf4 Ng6 15. Bg3 Ne4 16. Bd3 Nxg3 17. hxg3 Ne5 18. c5 O-O 19. Rc1 Rb8 
20. Bb1 Qf6 21. Nd2 Qd8 22. Re1 g6 23. b4 h5 24. b5 axb5 25. axb5 Re8 
26. b6 cxb6 27. c6 Re7 28. Ne4 b5 29. Nf6+ Kg7 30. Nd7 Rxd7 31. cxd7 Qxd7 
32. Qb3 Ng4 33. Re2 Re8 34. Qc3+ Kh7 35. Rce1 Re5 36. Qd2 Bc5 37. Rxe5 dxe5 
38. Re2 f5 39. Kh1 e4 40. f3 Nf2+ 41. Kh2 Qd6 42. fxe4 h4 43. e5 Ng4+ 
44. Kh3 Nxe5 45. Qf4 Nf7 46. Qxd6 Nxd6 47. gxh4 Kg7 48. Kg3 b4 49. Kf4 Nb5 
50. Bc2 Nd4 51. Rd2 Kf6 52. Bb1 Bd6+ 53. Ke3 Ke5 54. Kd3 Kxd5 55. Ra2 Ne6 
56. Rd2 Nc5+ 57. Ke3+ Ke5 58. g4 fxg4 59. Bxg6 Nd7 60. Kf2 Nf6 61. h5 Ng8 
62. Bf7 Nf6 63. Bg6 Ng8 64. Bf7 Nf6 65. Re2+ Kf5 66. Bg6+ Kg5 67. Re6 Bc5+ 
68. Kg3 Bd4 69. Re7 b6 70. Bf7 b3 71. Bxb3 Nxh5+ 72. Kg2 Bc5 73. Re5+ Kh4 
74. Re4 Nf6 75. Rc4 Kg5 76. Bd1 Kf5 77. Kg3 Bd6+ 78. Kg2 Ke5 
1/2-1/2

[Event "34th Chess Olympiad (men)"]
[Site "Istanbul"]
[Date "2000.11.05"]
[Round "8.33.1"]
[White "Baburin, Alexander"]
[Black "Moussa, Othman"]
[WhiteElo "2590"]
[BlackElo "2375"]
[WhiteCountry "IRL"]
[BlackCountry "UAE"]
[Result "1/2-1/2"]

1. d4 a6 2. e4 d6 3. c4 g6 4. Nf3 Bg7 5. Be2 Nf6 6. Nc3 O-O 7. O-O b6 8. e5 Ne8 
9. Bf4 f6 10. exd6 Nxd6 11. c5 Nf7 12. cxb6 cxb6 13. Re1 g5 14. Be3 g4 
15. Nd2 f5 16. Nc4 b5 17. Ne5 Nxe5 18. dxe5 Be6 19. f4 Nc6 20. Rc1 Qe8 
21. Bb6 Rb8 22. Bc5 Rd8 23. Qc2 Nd4 24. Bxd4 Rxd4 25. g3 Qd7 26. Red1 Rd8 
27. Rxd4 Qxd4+ 28. Kf1 Rc8 29. a3 Qb6 30. Bd3 Qb7 31. Kg1 Qa7+ 32. Qf2 Qb7 
33. Rd1 Bf8 34. Bf1 Bb3 35. Bg2 Qb8 36. Rd7 Rc7 37. Rd3 Bc4 38. Rd1 e6 
39. Kh1 b4 40. axb4 Bxb4 41. Qd4 Be7 42. Rd2 Kf7 43. h3 h5 44. h4 Rc8 
45. Qg1 Rd8 46. Qd1 Rxd2 47. Qxd2 Qc7 48. Qc2 Qc5 49. Qd2 Qc7 50. Qd1 Qb8 
51. Qc2 Qd8 52. Ne2 Bxe2 53. Qxe2 Qb6 
1/2-1/2

[Event "34th Chess Olympiad (men)"]
[Site "Istanbul"]
[Date "2000.11.05"]
[Round "8.33.2"]
[White "Majeed, Abdul"]
[Black "Daly, Colm"]
[WhiteElo "2291"]
[BlackElo "2357"]
[WhiteCountry "UAE"]
[BlackCountry "IRL"]
[Result "1-0"]

1. e4 c5 2. d3 Nc6 3. g3 g6 4. Bg2 Bg7 5. f4 d6 6. Nf3 Rb8 7. O-O Nf6 8. h3 O-O 
9. g4 b5 10. f5 b4 11. Qe1 Nd4 12. Nxd4 cxd4 13. Qh4 Nd7 14. Bh6 Ne5 15. g5 f6 
16. Bxg7 Kxg7 17. Nd2 fxg5 18. Qxg5 e6 19. Qxd8 Rxd8 20. Nb3 exf5 21. Kh2 fxe4 
22. Bxe4 d5 23. Bg2 Nc6 24. Rf2 Be6 25. Rf4 Rdc8 26. Re1 Bg8 27. Re2 Rf8 
28. Rh4 Rbe8 29. Rxe8 Rxe8 30. Nxd4 Nxd4 31. Rxd4 a5 32. c3 bxc3 33. bxc3 Rc8 
34. Bxd5 Rxc3 35. Bxg8 Kxg8 36. Ra4 Rc5 37. Kg3 Kf7 38. Kf3 Rd5 39. Ke3 Rh5 
40. h4 Ke6 41. Rc4 Kd6 42. a4 Re5+ 43. Kd2 Rc5 44. Re4 Rf5 45. Kc3 Rc5+ 
46. Kd2 Re5 47. Rg4 Rh5 48. Kc3 Ke6 49. Kc4 Kd6 50. Kd4 Rd5+ 51. Ke3 Ke6 
52. Ke4 Re5+ 53. Kd4 Rh5 54. Kc4 Kd6 55. Kd4 Kc6 56. Rf4 Kd6 57. Rg4 Rf5 
58. Kc4 Kc6 59. Re4 Rc5+ 60. Kd4 Rd5+ 61. Kc4 Kd6 62. Rg4 Rc5+ 63. Kd4 Rc1 
64. Ke3 Rh1 65. Kd4 Rh3 66. Kc4 Rf3 67. h5 gxh5 68. Rg5 Rf4+ 69. d4 h4 
70. Rxa5 Kc6 71. Ra6+ Kb7 72. Rh6 Rf7 73. Kd5 Kc7 74. Kc5 h3 75. Rxh3 Rf5+ 
76. d5 h5 77. a5 Rf1 78. Rxh5 Rc1+ 79. Kb5 Rb1+ 80. Ka6 Ra1 81. Rh2 Kd6 
82. Rd2 Ra3 83. Kb6 Rb3+ 84. Ka7 Rb5 85. a6 Kd7 86. Ka8 Kc7 87. a7 Rb1 
88. Rc2+ Kd7 89. Rh2 Kd6 90. Rh8 Kd7 91. Rb8 Rh1 92. Kb7 Rb1+ 93. Ka6 Ra1+ 
94. Kb6 Rb1+ 95. Kc5 
1-0

[Event "34th Chess Olympiad (men)"]
[Site "Istanbul"]
[Date "2000.11.05"]
[Round "8.33.3"]
[White "Orr, Mark"]
[Black "Saleh, Jasim"]
[WhiteElo "2309"]
[BlackElo "2356"]
[WhiteCountry "IRL"]
[BlackCountry "UAE"]
[Result "1/2-1/2"]

1. d4 d6 2. Nf3 g6 3. c4 Bg7 4. Nc3 Nf6 5. g3 O-O 6. Bg2 Nc6 7. O-O a6 
8. d5 Na5 9. Nd2 c5 10. Qc2 Rb8 11. b3 b5 12. Bb2 Bd7 13. Rab1 Qc7 14. Ba1 Rfc8 
15. h3 Be8 16. Kh2 Nd7 17. f4 Rb7 18. Be4 Rcb8 19. Bd3 bxc4 20. bxc4 Nb6 
21. h4 Nd7 22. Nde4 Rxb1 23. Rxb1 Rxb1 24. Qxb1 Qb6 25. Qc1 Qb4 26. Nd2 Nf6 
27. Kg2 Ng4 28. Kf3 Nh2+ 29. Kg2 Ng4 30. Kf3 Nh2+ 31. Kg2 
1/2-1/2

[Event "34th Chess Olympiad (men)"]
[Site "Istanbul"]
[Date "2000.11.05"]
[Round "8.33.4"]
[White "Hossein, Mohamed"]
[Black "Collins, Sam"]
[WhiteElo "2113"]
[BlackElo "2172"]
[WhiteCountry "UAE"]
[BlackCountry "IRL"]
[Result "1-0"]

1. Nf3 Nf6 2. c4 g6 3. g3 Bg7 4. Bg2 O-O 5. O-O d6 6. d4 Nbd7 7. Nc3 e5 
8. e4 c6 9. h3 Qb6 10. c5 dxc5 11. dxe5 Ne8 12. Na4 Qb4 13. Bd2 Qxe4 
14. Re1 Qd3 15. Bf1 Qf5 16. g4 Qe6 17. Ng5 Qe7 18. e6 fxe6 19. Nxe6 Be5 
20. Nxf8 Qxf8 21. Qb3+ Kg7 22. Bc3 Qf6 23. Bg2 c4 24. Bxe5 Nxe5 25. Qc3 Nd3 
26. Rxe8 Qxc3 27. Nxc3 Kf7 28. Rd8 Nxb2 29. Re1 Nd3 30. Ree8 Bd7 31. Rf8+ 
1-0

[Event "34th Chess Olympiad (men)"]
[Site "Istanbul"]
[Date "2000.11.05"]
[Round "8.34.1"]
[White "El Taher, Fouad"]
[Black "Bouaziz, Slim"]
[WhiteElo "2485"]
[BlackElo "2383"]
[WhiteCountry "EGY"]
[BlackCountry "TUN"]
[Result "1/2-1/2"]

1. e4 c5 2. Nf3 d6 3. d4 cxd4 4. Nxd4 Nf6 5. f3 Nc6 6. c4 g6 7. Be3 Bg7 
8. Nc3 O-O 9. Qd2 Nxd4 10. Bxd4 Be6 11. Rc1 Qa5 12. b3 a6 13. Bd3 Rfc8 
14. Na4 Qxd2+ 15. Kxd2 Nd7 16. Be3 Rcb8 17. Nc3 
1/2-1/2

[Event "34th Chess Olympiad (men)"]
[Site "Istanbul"]
[Date "2000.11.05"]
[Round "8.34.2"]
[White "Doghri, Nabil"]
[Black "Labib, Ibrahim Hasan"]
[WhiteElo "2342"]
[BlackElo "2426"]
[WhiteCountry "TUN"]
[BlackCountry "EGY"]
[Result "0-1"]

1. e4 e5 2. Nf3 Nf6 3. Nc3 Nc6 4. Bb5 Bb4 5. Nd5 Nxd5 6. exd5 Nd4 7. Nxd4 exd4 
8. O-O O-O 9. a3 Be7 10. Qg4 c5 11. b3 d6 12. Qf3 Bg5 13. c3 Qf6 14. Qxf6 Bxf6 
15. Bb2 Bf5 16. cxd4 a6 17. Be2 Rac8 18. a4 Rfe8 19. Bc4 Kf8 20. Bc3 Bxd4 
21. Bxd4 cxd4 22. f3 Rc5 23. a5 f6 24. Ra4 Re7 25. Rfa1 Bg6 26. d3 Re3 
27. Rd1 h5 28. h4 Bf5 29. Rd2 g5 30. hxg5 fxg5 31. b4 Rc7 32. b5 axb5 
33. Bxb5 Rc1+ 34. Kf2 Ree1 35. Rxd4 Ra1 36. Rb4 Rf1+ 37. Ke3 Rxa5 38. Bc4 Bc8 
39. Rb6 Ke7 40. Rc2 Raa1 41. Kd4 Rfe1 42. Bb3 Rac1 43. Ra2 h4 44. Bc4 Kd7 
45. Rab2 Kc7 46. R6b4 Re7 47. Bb5 Rg1 48. Ba4 Rf7 49. Rc2+ Kd8 50. Ke3 Re1+ 
51. Kf2 Re5 52. Rb6 Rf6 53. Bb3 g4 54. Re2 g3+ 55. Ke1 h3 
0-1

[Event "34th Chess Olympiad (men)"]
[Site "Istanbul"]
[Date "2000.11.05"]
[Round "8.34.3"]
[White "Abdel, Razik Khaled"]
[Black "Bejaoui, Anis"]
[WhiteElo "2405"]
[BlackElo "2124"]
[WhiteCountry "EGY"]
[BlackCountry "TUN"]
[Result "1/2-1/2"]

1. d4 Nf6 2. c4 g6 3. Nf3 Bg7 4. g3 d5 5. cxd5 Nxd5 6. Bg2 O-O 7. O-O Nc6 
8. e4 Nb6 9. d5 Na5 10. Nc3 c6 11. Qe2 cxd5 12. exd5 Nxd5 13. Nxd5 Qxd5 
14. Qxe7 Nc6 15. Qh4 Qh5 16. Qxh5 gxh5 17. Ng5 Nd4 18. Bd2 Bg4 19. f3 Bd7 
20. Kh1 h4 21. Bc3 hxg3 22. Rad1 Bb5 23. Rfe1 Rad8 24. hxg3 Nf5 25. Bxg7 Kxg7 
26. Kh2 Rxd1 27. Rxd1 Ne3 28. Rd4 Nxg2 29. Kxg2 h6 30. Ne4 Re8 31. Kf2 Bc6 
32. Nd6 Re6 33. Nf5+ Kg6 34. Rf4 Rf6 35. Nh4+ Kg7 36. Rc4 Kf8 37. Rc3 Rd6 
38. Re3 Rd2+ 39. Re2 Rd3 40. g4 Bd7 41. Kg3 Be6 42. a3 Rb3 43. Kf4 Kg7 
44. Ng2 Rb5 45. b4 h5 46. Re4 hxg4 47. fxg4 a5 48. Ne3 axb4 49. axb4 Kf6 
50. Rd4 Kg6 51. Ng2 Kf6 52. Ne3 Kg6 53. Nd1 Rg5 54. Nf2 Rd5 55. Rxd5 Bxd5 
56. Nd1 Kf6 57. Ne3 Bc6 58. Nc2 Ke6 59. Nd4+ Kd5 60. Nxc6 bxc6 61. Kf5 Kc4 
62. Kf6 Kxb4 63. Kxf7 c5 64. g5 c4 65. g6 c3 66. g7 c2 67. g8=Q c1=Q 
68. Qb8+ Kc3 69. Qc7+ Kd2 70. Qxc1+ 
1/2-1/2

[Event "34th Chess Olympiad (men)"]
[Site "Istanbul"]
[Date "2000.11.05"]
[Round "8.34.4"]
[White "Bouhlel, Mohamed"]
[Black "El Arousy Abdul, Hameed"]
[WhiteElo "2000"]
[BlackElo "2363"]
[WhiteCountry "TUN"]
[BlackCountry "EGY"]
[Result "0-1"]

1. e4 c5 2. c3 d5 3. exd5 Qxd5 4. d4 Nf6 5. Nf3 Bg4 6. Be2 e6 7. O-O Nc6 
8. h3 Bh5 9. Be3 cxd4 10. cxd4 Be7 11. Nc3 Qd6 12. Nb5 Qb8 13. Nc3 O-O 
14. Qb3 Rd8 15. Rfd1 Nd5 16. Nxd5 Rxd5 17. g4 Bg6 18. Ne5 Be4 19. f3 Bg6 
20. f4 Be4 21. Rac1 Rd8 22. Nxc6 Bxc6 23. Bb5 Bxb5 24. Qxb5 Rd5 25. Qd3 Qd6 
26. Qe4 h6 27. Rd2 Rd8 28. Rc5 Qd7 29. Rxd5 exd5 30. Qg2 Re8 31. Qf3 Bd8 
32. Bf2 Qb5 33. Qd3 Qc6 34. Rd1 Re4 35. Qd2 Bc7 36. Rc1 Qd7 37. Qc3 Bxf4 
38. Qc8+ Qe8 39. Qxe8+ Rxe8 40. Rc5 Rd8 41. Kg2 Kf8 42. Kf3 Bh2 43. Kg2 Bb8 
44. Bg3 Bxg3 45. Kxg3 Ke7 46. Rc7+ Rd7 47. Rc8 Ke6 48. Kf4 Kf6 49. Rc5 Ke6 
50. Rc8 Kf6 51. Rc5 g5+ 52. Kf3 Kg6 53. Rc8 f5 54. gxf5+ Kxf5 55. Rf8+ Kg6 
56. Rg8+ Kh5 57. Rf8 Kh4 58. Rf6 h5 59. Rf5 Rd6 60. Kg2 Rc6 61. Rf2 Re6 
62. Kf1 Re4 63. Rf7 Rf4+ 64. Rxf4+ gxf4 65. Kg2 f3+ 66. Kf2 Kxh3 67. Kxf3 a5 
68. a4 b6 69. Kf4 Kg2 70. Ke5 h4 71. Kxd5 h3 72. Kc6 h2 73. Kxb6 h1=Q 
74. Kxa5 Kf3 75. Kb6 Ke4 76. a5 Kxd4 77. a6 Qh6+ 
0-1

[Event "34th Chess Olympiad (men)"]
[Site "Istanbul"]
[Date "2000.11.05"]
[Round "8.35.1"]
[White "Watanabe, Akira"]
[Black "Matamoros, Franco Carlos S"]
[WhiteElo "2374"]
[BlackElo "2467"]
[WhiteCountry "JPN"]
[BlackCountry "ECU"]
[Result "0-1"]

1. d4 Nf6 2. c4 c5 3. d5 b5 4. cxb5 a6 5. bxa6 g6 6. Nc3 Bxa6 7. Nf3 d6 
8. e4 Bxf1 9. Kxf1 Bg7 10. g3 O-O 11. Kg2 Nbd7 12. Re1 Qb8 13. h3 Qb7 
14. Re2 Nb6 15. Bg5 Ne8 16. Rc1 h6 17. Bd2 Nc7 18. b3 Kh7 19. h4 f5 
20. Qc2 Bxc3 21. Bxc3 fxe4 22. Qxe4 Qxd5 23. Rce1 Qxe4 24. Rxe4 e5 25. a4 Nbd5 
26. Bb2 Rab8 27. Nd2 Nb4 28. Bc3 Ncd5 29. Bxb4 Nxb4 30. R1e3 Nc6 31. Rd3 Nd4 
32. f4 exf4 33. gxf4 Rb7 34. Nf3 Nf5 35. Kh3 Rfb8 36. Nd2 Kg7 37. Re1 Kf7 
38. Rf1 Nd4 39. Rb1 Rb4 40. Ne4 Ke6 41. Re1 Kd7 42. Nd2 Nxb3 43. Nf3 Rxf4 
44. Ne5+ Kc7 45. Nxg6 Rf7 46. a5 Nxa5 47. Re6 Rd8 48. Kg4 Nc6 49. Ra3 Kd7 
50. Re1 Re8 51. Rxe8 Kxe8 52. Kh5 c4 53. Kxh6 d5 54. Ra6 Nd8 55. Ra5 Rd7 
56. Nf4 d4 57. Re5+ Kf7 58. Rc5 d3 59. Ng2 d2 60. Ne3 Rd4 61. h5 Ne6 
62. Rc6 Re4 63. Nd1 Re1 64. Nc3 Rc1 65. Rd6 Rxc3 66. Rxd2 Rf3 67. Rd6 Rf6+ 
0-1

[Event "34th Chess Olympiad (men)"]
[Site "Istanbul"]
[Date "2000.11.05"]
[Round "8.35.2"]
[White "Bastidas, Rodriguez Emilio Jos"]
[Black "Matsuo, Tomohiko"]
[WhiteElo "2334"]
[BlackElo "2186"]
[WhiteCountry "ECU"]
[BlackCountry "JPN"]
[Result "0-1"]

1. d4 Nf6 2. c4 c5 3. Nf3 cxd4 4. Nxd4 e5 5. Nb5 d5 6. cxd5 Bc5 7. N5c3 O-O 
8. e3 e4 9. Be2 Qe7 10. a3 Rd8 11. b4 Bb6 12. Qb3 Bf5 13. Nd2 Nbd7 14. Nc4 Bc7 
15. d6 Bxd6 16. Nxd6 Qxd6 17. Nb5 Qe7 18. Bb2 Ne5 19. Nd4 Bg4 20. O-O Bxe2 
21. Nxe2 Rd2 22. Nf4 g5 23. Nh3 Nfg4 24. Rfd1 Rad8 25. Bc3 Qd6 26. Rxd2 Nf3+ 
27. gxf3 Qxh2+ 28. Kf1 Qxh3+ 29. Ke1 Qh1+ 30. Ke2 exf3# 
0-1

[Event "34th Chess Olympiad (men)"]
[Site "Istanbul"]
[Date "2000.11.05"]
[Round "8.35.3"]
[White "Tanaka, Yuuki"]
[Black "Mera, Cedeno Angel"]
[WhiteElo "2126"]
[BlackElo "2376"]
[WhiteCountry "JPN"]
[BlackCountry "ECU"]
[Result "0-1"]

1. c4 g6 2. Nf3 Bg7 3. g3 Nf6 4. Bg2 O-O 5. O-O c6 6. d4 d6 7. Nc3 a6 
8. e4 Nfd7 9. Bg5 b5 10. c5 h6 11. Be3 dxc5 12. dxc5 Qc7 13. Qc2 a5 
14. Rfd1 Re8 15. a4 b4 16. Ne2 Na6 17. Rac1 b3 18. Qd2 Kh7 19. e5 Nxe5 
20. Nxe5 Bxe5 21. Bxh6 Bf5 22. Bf4 Bc2 23. Re1 Bxf4 24. Nxf4 e5 25. Nh3 Nxc5 
26. Rxc2 bxc2 27. Qxc2 Qb6 28. Rc1 Ne6 29. Qxc6 Qxc6 30. Rxc6 Rec8 
31. Rxc8 Rxc8 32. Bd5 Rb8 33. b3 Kh6 34. Kg2 Nd4 35. Bxf7 Nxb3 36. g4 Nc5 
37. Kg3 Nxa4 38. Kh4 Nc5 39. Bd5 a4 40. Ng5 a3 41. Nf7+ Kg7 42. Nxe5 Nb3 
0-1

[Event "34th Chess Olympiad (men)"]
[Site "Istanbul"]
[Date "2000.11.05"]
[Round "8.35.4"]
[White "Munoz, Sotomayor Hugo"]
[Black "Sasaki, Katsumi"]
[WhiteElo "2322"]
[BlackElo "2171"]
[WhiteCountry "ECU"]
[BlackCountry "JPN"]
[Result "1-0"]

1. c4 e5 2. Nc3 Nf6 3. Nf3 Nc6 4. e3 Be7 5. Qc2 O-O 6. a3 d5 7. cxd5 Nxd5 
8. Bb5 Bf6 9. Ne4 Bf5 10. d3 Bg6 11. Bxc6 bxc6 12. Qxc6 Bxe4 13. dxe4 Ne7 
14. Qc2 Qd6 15. Bd2 c5 16. O-O Rac8 17. Rfd1 g5 18. Bc3 Qc7 19. Qa4 g4 
20. Ne1 h5 21. Rd7 Qc6 22. Qxa7 Qxe4 23. Rxe7 Bxe7 24. Qxe7 Rfe8 25. Qg5+ Qg6 
26. Qxg6+ fxg6 27. Rd1 e4 28. Rd7 Re6 29. g3 Rcc6 30. Ng2 Kf8 31. Nf4 Re7 
32. Rd5 Kf7 33. Kf1 Rcc7 34. h4 gxh3 35. Nxh3 Rc6 36. Rd8 Ke6 37. Ng5+ Kf5 
38. Rd5+ Kg4 39. Kg2 h4 40. Nh3 
1-0

[Event "34th Chess Olympiad (men)"]
[Site "Istanbul"]
[Date "2000.11.05"]
[Round "8.36.1"]
[White "Claesen, Pieter"]
[Black "Crosa, Martin"]
[WhiteElo "2416"]
[BlackElo "2242"]
[WhiteCountry "BEL"]
[BlackCountry "URU"]
[Result "1-0"]

1. c4 Nf6 2. Nc3 g6 3. g3 Bg7 4. Bg2 O-O 5. e4 d6 6. Nge2 e5 7. O-O Be6 
8. d3 Qd7 9. f4 Nc6 10. Nd5 Bg4 11. Ne3 Bxe2 12. Qxe2 Nd4 13. Qf2 c6 14. f5 Kh8 
15. Bd2 Bh6 16. Bc3 Qe7 17. Rad1 Rad8 18. h3 Kg7 19. Rde1 Bg5 20. Bd2 Kh8 
21. Bf3 Rg8 22. Bg2 Rgf8 23. Kh2 Rg8 24. Kh1 c5 25. Rg1 Bxe3 26. Bxe3 g5 
27. Bf3 h6 28. Bd1 Kh7 29. Ref1 Rg7 30. Qd2 Rgg8 31. Rf2 Qf8 32. Rfg2 Qg7 
33. g4 Kh8 34. h4 Nh7 35. Rh2 f6 36. Rg3 Qe7 37. Rgh3 Rg7 38. hxg5 hxg5 
39. Kg2 Kg8 40. Qe1 Rf8 41. Rh6 Rff7 42. Ba4 Kf8 43. Kg3 Qc7 44. Qh1 a6 
45. Rg6 Qe7 46. Kf2 Qc7 47. Rhh6 Qe7 48. Qh5 Rg8 49. Be8 Rfg7 50. Rxg7 Rxg7 
51. Bg6 Kg8 52. Bxd4 exd4 53. Kg2 Kh8 54. Bxh7 Rxh7 55. Rxh7+ Qxh7 56. Qe8+ Kg7 
57. Qe7+ Kg8 58. Qxf6 Qh4 59. Qe6+ Kh8 60. f6 
1-0

[Event "34th Chess Olympiad (men)"]
[Site "Istanbul"]
[Date "2000.11.05"]
[Round "8.36.2"]
[White "Granara, Barreto Sebastian A"]
[Black "Dutreeuw, Marc"]
[WhiteElo "2095"]
[BlackElo "2402"]
[WhiteCountry "URU"]
[BlackCountry "BEL"]
[Result "1-0"]

1. e4 e5 2. Nf3 Nf6 3. Nxe5 d6 4. Nf3 Nxe4 5. d4 d5 6. Bd3 Nc6 7. O-O Be7 
8. c4 Nb4 9. Be2 O-O 10. Nc3 b6 11. cxd5 Nxc3 12. bxc3 Nxd5 13. Qc2 Bb7 
14. c4 Nb4 15. Qb3 Nc6 16. Bb2 Bf6 17. Rad1 Qe7 18. Rfe1 Qb4 19. Qc2 Rfe8 
20. a3 Qa5 21. d5 Ne5 22. Nd2 Nd7 23. Bd3 Bxb2 24. Qxb2 Nf6 25. Nf3 c6 
26. d6 Qc5 27. Qb4 Qh5 28. Rxe8+ Rxe8 29. Re1 Rd8 30. Re5 Qh6 31. Qe1 g6 
32. Re7 Rxd6 33. Bf1 Nd7 34. Rxd7 
1-0

[Event "34th Chess Olympiad (men)"]
[Site "Istanbul"]
[Date "2000.11.05"]
[Round "8.36.3"]
[White "Cekro, Ekrem"]
[Black "Cukerman, Diego"]
[WhiteElo "2390"]
[BlackElo "2000"]
[WhiteCountry "BEL"]
[BlackCountry "URU"]
[Result "1-0"]

1. c4 e5 2. Nc3 Nc6 3. g3 g6 4. Bg2 Bg7 5. e3 d6 6. Nge2 Be6 7. d4 Bxc4 
8. d5 Nce7 9. Qa4+ b5 10. Nxb5 Bxb5 11. Qxb5+ Qd7 12. Qc4 Rc8 13. Nc3 f5 
14. e4 c6 15. dxc6 Nxc6 16. O-O Nd4 17. Qd3 Ne7 18. Be3 Nec6 19. exf5 gxf5 
20. Rad1 e4 21. Qd2 O-O 22. Bxd4 Nxd4 23. Qe3 Ne6 24. Rd5 Rc5 25. Rfd1 Rxd5 
26. Rxd5 Qc6 27. Rd1 Nc5 28. Nd5 Re8 29. Qg5 Kh8 30. Ne7 Qa4 31. b3 Qxa2 
32. Nxf5 Be5 33. Nxd6 Qxb3 34. Rf1 Bxd6 35. Qf6+ Kg8 36. Qxd6 Nd3 37. Qd7 Qf7 
38. Qd4 Qf5 39. Qxa7 Ne5 40. Qa4 Rf8 41. Bxe4 Qh3 42. Qb3+ Nf7 43. Bd5 Qf5 
44. Re1 Qf6 45. Re4 Kg7 46. Rg4+ Ng5 47. Qe3 h6 48. h4 Qf5 49. Qd4+ 
1-0

[Event "34th Chess Olympiad (men)"]
[Site "Istanbul"]
[Date "2000.11.05"]
[Round "8.36.4"]
[White "Carvalho, Guillermo"]
[Black "Van Der Stricht, Geert"]
[WhiteElo "2172"]
[BlackElo "2369"]
[WhiteCountry "URU"]
[BlackCountry "BEL"]
[Result "0-1"]

1. c4 e6 2. Nc3 d5 3. cxd5 exd5 4. d4 c6 5. Nf3 Bf5 6. Bf4 Nf6 7. e3 Nbd7 
8. Bd3 Bxd3 9. Qxd3 Be7 10. O-O O-O 11. Ne5 Nh5 12. Qf5 Nxe5 13. Bxe5 g6 
14. Qd3 f6 15. Bg3 Qd7 16. Rad1 Rf7 17. Ne2 Re8 18. f3 Nxg3 19. Nxg3 Bd8 
20. e4 Rfe7 21. Kh1 Bc7 22. Rfe1 Kg7 23. Nf1 Qd6 24. g3 Bb6 25. Re2 dxe4 
26. Rxe4 Rxe4 27. fxe4 Qe6 28. Nd2 Qxa2 29. Nc4 Qa4 30. b3 Qb4 31. d5 cxd5 
32. exd5 Re1+ 33. Kg2 Rxd1 34. Qxd1 Bd8 35. Qd3 b5 36. Ne3 a5 37. d6 a4 
38. bxa4 bxa4 39. Qa6 Qe4+ 40. Kf2 Qd4 41. Qb7+ Kh6 42. Kf3 f5 43. Qd7 Qe4+ 
44. Ke2 Bb6 45. Qe7 a3 46. h3 a2 47. Qf8+ Kh5 48. g4+ Kh4 49. Qe7+ Kxh3 
50. gxf5 Qxe3+ 
0-1

[Event "34th Chess Olympiad (men)"]
[Site "Istanbul"]
[Date "2000.11.05"]
[Round "8.37.1"]
[White "De La Riva Aguado, Oscar"]
[Black "Sarsam, Abdulla"]
[WhiteElo "2462"]
[BlackElo "2423"]
[WhiteCountry "AND"]
[BlackCountry "IRQ"]
[Result "1-0"]

1. e4 e5 2. Nc3 Nc6 3. Nf3 Nf6 4. d4 exd4 5. Nxd4 Bb4 6. Nxc6 bxc6 7. Bd3 d5 
8. exd5 cxd5 9. Qe2+ Be7 10. Bg5 O-O 11. O-O-O c6 12. Rhe1 Bb4 13. Qe5 Ng4 
14. Qf4 Bd6 15. Qd2 Qb6 16. f3 Ne5 17. Bf1 Ng6 18. Na4 Qc7 19. g3 Rb8 
20. Be3 Rb4 21. Nc5 Rb8 22. Qc3 Be5 23. Bd4 Bxd4 24. Qxd4 Rd8 25. f4 Qb6 
26. Re3 Nf8 27. Rb3 Qc7 28. Ra3 Qb6 29. Rb3 Qc7 30. Rxb8 Qxb8 31. Nd3 Qb6 
32. Qxb6 axb6 33. Nb4 Bg4 34. Nxc6 Re8 35. Rd2 d4 36. Rxd4 Re5 37. Rd5 Re1+ 
38. Kd2 Rxf1 39. Kc3 g6 40. Ne5 Bf5 41. Rd2 h5 42. Kb4 f6 43. Nc4 Nd7 
44. Ne3 Rc1 45. Nxf5 gxf5 46. Rxd7 Rxc2 47. b3 Rxa2 48. h4 Re2 49. Rd3 Kf7 
50. Kb5 Re6 51. Ka6 Ke7 52. b4 Ke8 53. b5 Kf8 54. Kb7 Kf7 55. Kc7 Ke8 56. Rd6 
1-0